书目信息 |
| 题名: |
SQL Server 2000 数据库实训教程
|
|
| 作者: | 李丹丹 , 史秀璋 编著 | |
| 分册: | ||
| 出版信息: | 北京 清华大学出版社 2007.08 |
|
| 页数: | 292页 | |
| 开本: | 26cm | |
| 丛书名: | ||
| 单 册: | ||
| 中图分类: | TP311.138 | |
| 科图分类: | ||
| 主题词: | 软件 | |
| 电子资源: | ||
| ISBN: | 978-7-302-15575-1 | |
| 000 | 00679nam0 2200205 450 | |
| 001 | 0862387658 | |
| 005 | 20080229172056.45 | |
| 010 | @a978-7-302-15575-1@dCNY26.00 | |
| 100 | @a20080229d2007 km y0chiy0120 ea | |
| 101 | 0 | @achi |
| 102 | @aCN@b110000 | |
| 200 | 1 | @aSQL Server 2000 数据库实训教程@ASQL Server 2000 shu ju ku shi xun jiao cheng@f李丹丹,史秀璋编著@Fli dan dan,shi xiu zhang bian zhu |
| 210 | @a北京@c清华大学出版社@d2007.08 | |
| 215 | @a292页@d26cm | |
| 606 | 0 | @a软件 |
| 690 | @aTP311.138@v4 | |
| 701 | 0 | @a李丹丹@Ali dan dan@4编著 |
| 701 | 0 | @a史秀璋@Ashi xiu zhang@4编著 |
| 801 | 0 | @aCN@b大连网信软件有限公司图书馆·11@c20080229 |
| 905 | @aZUCC@dTP311.138@eL1401 | |
| SQL Server 2000 数据库实训教程/李丹丹,史秀璋编著.-北京:清华大学出版社,2007.08 |
| 292页;26cm |
| ISBN 978-7-302-15575-1:CNY26.00 |
| ● |
| 相关链接 |
|
|
|
正题名:SQL Server 2000 数据库实训教程
索取号:TP311.138/L1401
 
预约/预借
| 序号 | 登录号 | 条形码 | 馆藏地/架位号 | 状态 | 备注 |
| 1 | 478543 | 204785438 | 计算机与数据科学学院资料室/ [索取号:TP311.138/L1401] | 在馆 |